|
|
|
|
| LEADER |
00759cam a2200193 7i4500 |
| 001 |
0000001472 |
| 005 |
20210402090000.0 |
| 008 |
100614 eng |
| 020 |
|
|
|a 0824798961 (hbk.)
|
| 090 |
0 |
0 |
|a RS190.B55
|b F55 1998
|
| 245 |
0 |
0 |
|a Filtration in the biopharmaceutical industry
|c edited by Theodore H. Meltzer, Maik W. Jornitz.
|
| 260 |
|
|
|a New York:
|b Marcel Dekker, Inc.,
|c 1998.
|
| 300 |
|
|
|a xiv, 935 p.:
|b ill.;
|c 25 cm.
|
| 650 |
0 |
0 |
|a Biological products --
|x Separation
|
| 700 |
1 |
|
|a Jornitz, Maik W.
|
| 700 |
1 |
|
|a Meltzer, Theodore H.
|
| 997 |
|
|
|a Engineering & Life Sciences, Faculty
|b Science & Biotechnology, Department
|
| 998 |
|
|
|a Biotechnology & Life Sciences, Diploma
|
| 999 |
|
|
|a 0000008510
|b BOK
|c REFERENCE
|e Ground Floor, Bestari Jaya
|